Statistiken für Liechtenstein-Quiz

Klicken Sie hier um das Quiz zu spielen!

Allgemein

  • Dieses Quiz wurde 3.341 mal gespielt
  • Das Durchschnittsergebnis liegt bei 11 aus 16

Antwortstatistiken

FrageAntwort% Korrekt
NachbarlandSchweiz
98%
AmtsspracheDeutsch
97%
NachbarlandÖsterreich
97%
HauptstadtVaduz
95%
Bergkette, in der Liechtenstein liegtAlpen
93%
Bevölkerungsgruppe, die in Liechtenstein bis 1984 nicht abstimmen durfteFrauen
75%
Objekt auf der Flagge LiechtensteinsKrone
73%
Wie Monaco und Andorra trägt der Monarch von Liechtenstein diesen TitelPrinz
73%
Währung von LiechtensteinSchweizer Franken (CHF)
72%
Liechtenstein ist nach Monaco das zweit___ Land der WeltReichste
70%
Fluss an der westlichen Grenze LiechtensteinsRhein
67%
Der Monarch von Liechtenstein hat ein ___recht auf jede GesetzgebungVeto
54%
Liechtenstein ist ein doppelter Binnenstaat, da alle seine Nachbarn
keinen Zugang zum Meer haben. Welches andere Land auf der Welt besitzt dieselbe Besonderheit?
Usbekistan
44%
Bis 1805 war Liechtenstein ein Teil dieses GroßreichsHeiliges Römisches Reich
38%
Gemeinde mit den meisten BewohnernSchaan
23%
Aktueller Monarch{Hans}-Adam II
22%

Verteilung der Resultate

Perzentil nach korrekt beantworteten Fragen

Anzahl Personen mit jedem Resultat

Ihre Resultats-Entwicklung

Sie haben dieses Quiz noch nicht gespielt